00390nmm a22001577a 450000500170000000800410001704100080005808200100006610000310007624500360010726000090014365000150015265000120016765000330017965000200021220220624090912.0181031b xxu||||| |||| 00| 0 spa d aspa aTU 92 aBriceño Gonzalez, Yanori aHotel Boutique Alta Las Palomas c2016 aCOSTA RICA aHOTELES aADMINISTRACIÓN DE EMPRESAS aHOTEL BOUTIQUE